[Event "Tourn. n10188"]
[Site "www.echecsemail.com"]
[Date "2019.10.24"]
[Round "1"]
[White "Nevaeh"]
[Black "Jerome"]
[WhiteElo "2830"]
[BlackElo "2450"]
[Result "0-1"]
[Round "1"]
1.e4 c5
2.Ng1f3 e6
3.d4 cxd4
4.Nf3xd4 Ng8f6
5.Nb1c3 d6
6.g4 h6
7.Bc1e3 a6
8.h4 e5
9.Nd4f5 Nb8c6
10.h5 Qd8a5
11.Bf1g2 Bc8xf5
12.gxf5 Bf8e7
13.Qd1d2 Ra8d8
14.Bg2f3 Nc6d4
15.Be3xd4 exd4
16.Qd2xd4 Nf6d7
17.Qd4a4 Qa5xa4
 { time }
0-1

[Event "Match"]
[Site "www.echecsemail.com"]
[Date "2019.10.24"]
[Round "1"]
[White "Szustan"]
[Black "Apdash"]
[WhiteElo "2590"]
[BlackElo "2150"]
[Result "1-0"]
[Round "1"]
1.e4 e5
2.Ng1f3 Nb8c6
3.Nb1c3 Ng8f6
4.d4 Bf8b4
5.Nf3xe5 Nc6xe5
6.dxe5 Nf6xe4
7.Qd1g4 Ne4xc3
8.Qg4xb4 Nc3d5
9.Qb4g4 Qd8e7
10.Qg4xg7 Rh8f8
11.Bc1h6 Nd5b4
12.O-O-O d5
13.exd6 cxd6
14.Bf1b5 Nb4c6
15.Qg7c3 Kd7
16.Bb5xc6 bxc6
17.Rh1e1 Qe7d8
18.Rd1xd6 Kxd6
19.Qc3e5 Kd7
20.Re1d1 { resign }
1-0

[Event "Tourn. n10182"]
[Site "www.echecsemail.com"]
[Date "2019.10.24"]
[Round "1"]
[White "Ditto"]
[Black "Bojan"]
[WhiteElo "1870"]
[BlackElo "2010"]
[Result "1-0"]
[Round "1"]
1.d4 d5
2.Ng1f3 h6
3.Bc1f4 Ng8f6
4.e3 a6
5.c4 Nf6h5
6.Bf4e5 Nb8c6
7.Nb1c3 dxc4
8.Bf1xc4 f6
9.Be5g3 Nc6a5
10.Qd1a4 Na5c6
11.Bc4d5 Qd8d7
12.O-O Nh5xg3
13.fxg3 Nc6a7
14.Qa4b3 e6
15.Bd5e4 Na7b5
16.Be4g6 Kd8
17.Rf1d1 Nb5xc3
18.bxc3 c6
19.Bg6d3 b5
20.Rd1f1 Bf8d6
21.Nf3h4 c5
22.dxc5 Bd6xc5
23.Rf1e1 Bc8b7
24.Bd3g6 Kc7
25.Ra1d1 Qd7c6
26.Qb3c2 Ra8d8
27.Rd1d2 Rd8xd2
28.Qc2xd2 Rh8d8
29.Qd2c1 Rd8d5
30.Bg6e4 Qc6e8
31.Nh4g6 Rd5g5
32.Be4xb7 Kxb7
33.Ng6f4 Rg5e5
34.Nf4d3 Re5d5
35.Nd3f4 Rd5d7
36.Qc1b1 e5
37.Nf4e2 Bc5xe3
38.Kf1 Qe8e6
39.Qb1e4 Kb8
40.Qe4xe3 Qe6xa2
41.Qe3b6 Kc8
42.Qb6c5 Rd7c7
43.Qc5f8 Kb7
44.Qf8d6 Qa2c4
45.Re1c1 a5
46.Qd6a3 Kb6
47.Qa3d6 Rc7c6
48.Qd6d8 Rc6c7
49.Rc1d1 Qc4f7
50.Qd8b8 Rc7b7
51.Qb8d6 Ka7
52.Qd6c5 Ka6
53.Rd1d6 { resign }
1-0

[Event "Match"]
[Site "www.echecsemail.com"]
[Date "2019.10.24"]
[Round "1"]
[White "Said13"]
[Black "Dussek"]
[WhiteElo "1809"]
[BlackElo "1880"]
[Result "1-0"]
[Round "1"]
1.c4 c5
2.Nb1c3 Ng8f6
3.g3 d5
4.cxd5 Nf6xd5
5.Bf1g2 Nd5f6
6.Ng1f3 Nb8c6
7.O-O e6
8.b3 Bf8d6
9.Bc1b2 O-O
10.d4 cxd4
11.Nf3xd4 Nc6e5
12.Nd4b5 Bd6e7
13.Nc3e4 Bc8d7
14.Nb5d6 Nf6xe4
15.Nd6xe4 Bd7c6
16.Bb2xe5 Qd8xd1
17.Rf1xd1 f6
18.Be5d6 Rf8e8
19.Bd6xe7 Re8xe7
20.Rd1d2 Re7d7
21.Rd2xd7 Bc6xd7
22.Ne4c5 Bd7c6
23.Bg2xc6 bxc6
24.Nc5xe6 Ra8e8
25.Ne6d4 c5
26.Nd4b5 Re8e7
27.e3 a6
28.Nb5c3 f5
29.Ra1c1 Re7d7
30.Rc1d1 Rd7e7
31.Rd1d5 g6
32.Rd5xc5 Re7e6
33.b4 Kg7
34.a4 Kf6
35.b5 a5
36.b6 Re6xb6
37.Nc3d5 { resign }
1-0

[Event "Match"]
[Site "www.echecsemail.com"]
[Date "2019.10.24"]
[Round "1"]
[White "Micheles"]
[Black "Ztornad"]
[WhiteElo "2600"]
[BlackElo "1980"]
[Result "1-0"]
[Round "1"]
1.d4 Ng8f6
2.Ng1f3 h6
3.c4 b6
4.g3 d5
5.cxd5 Nf6xd5
6.e4 Nd5b4
7.Qd1a4 Nb4c6
8.d5 e5
9.dxc6 a5
10.Bf1e2 Qd8e7
11.O-O Nb8a6
12.Bc1e3 Qe7b4
13.Qa4c2 Bf8c5
14.a3 Bc5xe3
15.axb4 Na6xb4
16.Qc2c3 Be3d4
17.Nf3xd4 exd4
18.Qc3xd4 O-O
19.Qd4e5 Ra8a7
20.Be2b5 Bc8h3
21.Rf1c1 Bh3e6
22.Nb1c3 Rf8e8
23.Rc1d1 f6
24.Qe5f4 Nb4c2
25.Ra1c1 Nc2b4
26.Bb5a4 Re8f8
27.Nc3b5 Ra7a8
28.Nb5xc7 Ra8a7
29.Nc7xe6 Rf8f7
30.c7 Ra7xc7
31.Rd1d8 Kh7
32.Rc1xc7 Rf7xc7
33.Qf4xc7 Kg6
34.Qc7xg7 Kh5
35.Ba4d1 
1-0

[Event "Tourn. n10162"]
[Site "www.echecsemail.com"]
[Date "2019.10.24"]
[Round "1"]
[White "Jerome"]
[Black "Numanoid"]
[WhiteElo "2369"]
[BlackElo "2770"]
[Result "1-0"]
[Round "1"]
1.e4 e6
2.d4 d5
3.Nb1c3 Ng8f6
4.Bc1g5 Bf8e7
5.e5 Nf6d7
6.h4 c5
7.Bg5xe7 Kxe7
8.dxc5 Nd7xe5
9.Qd1e2 Nb8c6
10.O-O-O Qd8a5
11.Kb1 Kf8
12.h5 h6
13.f4 Ne5c4
14.Qe2f3 Qa5xc5
15.Bf1xc4 Qc5xc4
16.Ng1e2 Kg8
17.g4 Bc8d7
18.Rh1g1 b5
19.g5 hxg5
20.Rg1xg5 Nc6e7
21.Rd1g1 Kf8
22.Qf3g2 Bd7c6
23.b3 Qc4c5
24.Rg5e5 Rh8g8
25.Nc3e4 Qc5b6
26.Ne4g5 Ke8
27.f5 d4
28.Qg2g4 { resign }
1-0

[Event "Match"]
[Site "www.echecsemail.com"]
[Date "2019.10.24"]
[Round "1"]
[White "Logout"]
[Black "Said13"]
[WhiteElo "2040"]
[BlackElo "1809"]
[Result "0-1"]
[Round "1"]
1.e4 c5
2.Nb1c3 Nb8c6
3.f4 d6
4.Ng1f3 g6
5.Bf1b5 a6
6.Bb5xc6 bxc6
7.O-O Bf8g7
8.Nc3e2 Ng8f6
9.d3 O-O
10.Ra1b1 a5
11.a4 c4
12.b3 cxd3
13.cxd3 Qd8b6
14.Kh1 Nf6g4
15.Qd1e1 Bc8a6
16.h3 Ba6xd3
17.Bc1d2 Bd3xb1
18.Qe1xb1 Ng4f6
19.Qb1d3 Rf8b8
20.Rf1b1 c5
21.e5 Nf6e8
22.exd6 Ne8xd6
23.Nf3e5 Qb6a6
24.Qd3xa6 Ra8xa6
25.Bd2e3 c4
26.Ne2d4 Bg7xe5
27.fxe5 Nd6f5
28.Nd4xf5 gxf5
29.Be3f4 Rb8xb3
30.Rb1xb3 cxb3
31.Bf4c1 Ra6c6
32.Bc1b2 Rc6c2
33.Bb2d4 b2
34.Bd4xb2 Rc2xb2
35.Kh2 Kg7
36.h4 Kh6
37.Kh3 Rb2b3
38.g3 Kh5
39.Kg2 Kg4
40.e6 fxe6
41.Kh2 Rb3b2
42.Kh1 Kxg3
43.h5 Rb2b1

0-1

[Event "Match"]
[Site "www.echecsemail.com"]
[Date "2019.10.24"]
[Round "1"]
[White "Picifarkinca"]
[Black "Estonia"]
[WhiteElo "1580"]
[BlackElo "1950"]
[Result "1/2-1/2"]
[Round "1"]
1.b3 Ng8f6
2.Bc1b2 Nb8c6
3.c4 e5
4.Nb1c3 Bf8e7
5.g3 d5
6.cxd5 Nc6b8
7.Bf1g2 O-O
8.e4 c6
9.d4 exd4
10.Qd1xd4 cxd5
11.Nc3xd5 Nb8c6
12.Nd5xe7 Qd8xe7
13.Ng1e2 Rf8d8
14.Qd4a4 Bc8d7
15.Qa4a3 Qe7xa3
16.Bb2xa3 Nc6e5
17.O-O Bd7b5
18.Rf1e1 Bb5xe2
19.Re1xe2 Rd8d3
20.Ba3b2 Ne5d7
21.Ra1c1 h6
22.Bb2xf6 Nd7xf6
23.Kf1 Ra8d8
24.Ke1 Nf6g4
25.h3 Ng4e5
26.f4 Ne5f3
27.Kf2 Nf3d4
28.Re2b2 f5
29.e5 b6
30.Bg2f1 Rd3f3
31.Kg2 Rf3e3
32.Bf1c4 Kf8
33.Rc1d1 Nd4c6
34.Rb2d2 Rd8xd2
35.Rd1xd2 Ke7
36.Kf2 Re3e4
37.Bc4d5 Re4d4
38.Ke3 Rd4xd2
39.Kxd2 Nc6b4
40.Bd5g8 g5
41.a3 Nb4c6
42.Kd3 b5
43.Bg8h7 Ke6
44.Bh7g8 Ke7
45.Bg8h7 Ke6
46.Bh7g8 Ke7
47.Bg8h7 { draw }
1/2-1/2

[Event "Match"]
[Site "www.echecsemail.com"]
[Date "2019.10.24"]
[Round "1"]
[White "Guidom"]
[Black "Apdash"]
[WhiteElo "2050"]
[BlackElo "2190"]
[Result "0-1"]
[Round "1"]
1.e4 c5
2.d4 cxd4
3.Qd1xd4 Nb8c6
4.Qd4a4 g6
5.Ng1f3 Bf8g7
6.c3 d6
7.Bf1b5 Bc8d7
8.O-O a6
9.Bb5xc6 Bd7xc6
10.Qa4c2 Ra8c8
11.Rf1e1 Ng8f6
12.e5 dxe5
13.Nf3xe5 Bc6e4
14.Qc2a4 Be4c6
15.Ne5xc6 Rc8xc6
16.Nb1d2 O-O
17.Nd2f3 Rc6b6
18.Nf3d4 Nf6d5
19.Nd4b3 e6
20.Bc1e3 Nd5xe3
21.Re1xe3 Rb6d6
22.Ra1e1 b5
23.Qa4e4 a5
24.h3 a4
25.Nb3c5 Qd8b6
26.Nc5d3 Rf8d8
27.Nd3f4 e5
28.Nf4d3 f5
29.Qe4f3 e4
30.Qf3g3 Rd6xd3
31.Re3xd3 exd3
32.Re1d1 d2
33.Qg3f4 Qb6d6
34.Qf4e3 h5
35.g3 Kh7
36.a3 f4
37.gxf4 Bg7h6
38.Qe3e4 Bh6xf4
39.f3 Qd6c5
40.Kg2 Qc5g5
41.Kh1 Qg5g3
42.Qe4e7 Kh6
43.Qe7e2 Qg3xh3
44.Kg1 Rd8d5
{ resign }
0-1

[Event "Match"]
[Site "www.echecsemail.com"]
[Date "2019.10.24"]
[Round "1"]
[White "Tarasch"]
[Black "Tonino1"]
[WhiteElo "2290"]
[BlackElo "2210"]
[Result "0-1"]
[Round "1"]
1.d4 d6
2.c4 Ng8f6
3.Nb1c3 c6
4.e4 Qd8a5
5.Bc1d2 Qa5c7
6.Ng1f3 e5
7.h3 g6
8.Bf1e2 Bf8g7
9.O-O O-O
10.Bd2e3 a5
11.Qd1c2 h6
12.Ra1d1 Nb8d7
13.Qc2d2 Kh7
14.Nf3h2 Nf6e8
15.f4 exd4
16.Be3xd4 Bg7xd4
17.Qd2xd4 Qc7b6
18.Nh2f3 Qb6xd4
19.Rd1xd4 Nd7c5
20.Rf1d1 Bc8e6
21.Kh2 Ra8b8
22.Nf3e1 f5
23.g3 fxe4
24.Nc3xe4 Nc5xe4
25.Rd4xe4 Be6g8
26.Ne1f3 d5
27.Re4e7 Rf8f7
28.Re7xf7 Bg8xf7
29.Nf3e5 Bf7g8
30.Be2d3 dxc4
31.Bd3xg6 Kg7
32.Rd1d7 Kf6
33.Bg6xe8 Rb8xe8
34.Rd7xb7 Bg8d5
35.Rb7b8 Re8xb8
36.Ne5d7 Kf5
37.Nd7xb8 a4
38.Nb8d7 a3
{ resign }
0-1

[Event "Match"]
[Site "www.echecsemail.com"]
[Date "2019.10.25"]
[Round "1"]
[White "Apdash"]
[Black "Add"]
[WhiteElo "2200"]
[BlackElo "2110"]
[Result "1-0"]
[Round "1"]
1.e4 e5
2.Ng1f3 Bf8c5
3.Bf1c4 d6
4.O-O Ng8f6
5.d3 Bc8g4
6.Qd1e2 Nb8c6
7.c3 Qd8d7
8.Bc1e3 Bc5xe3
9.Qe2xe3 Nc6a5
10.Nb1d2 Na5xc4
11.Nd2xc4 b6
12.d4 Qd7b5
13.dxe5 Qb5xc4
14.exf6 gxf6
15.b3 Qc4c6
16.Nf3d4 Qc6d7
17.Qe3f4 c5
18.Qf4xf6 Rh8g8
19.Nd4f5 Bg4h3
20.Nf5xd6 Kf8
21.Qf6h6 Rg8g7
22.g3 Bh3xf1
23.Nd6f5 f6
24.Nf5xg7 Qd7xg7
25.Qh6xg7 Kxg7
26.Kxf1 Ra8e8
27.f3 Re8d8
28.Ke2 h5
29.f4 a5
30.Ra1d1 Rd8xd1
31.Kxd1 { resign }
1-0

[Event "Match"]
[Site "www.echecsemail.com"]
[Date "2019.10.25"]
[Round "1"]
[White "Numanoid"]
[Black "Apdash"]
[WhiteElo "2770"]
[BlackElo "2230"]
[Result "1-0"]
[Round "1"]
1.e4 c5
2.a3 Nb8c6
3.b4 d6
4.b5 Nc6e5
5.f4 Bc8g4
6.Bf1e2 Bg4xe2
7.Qd1xe2 Ne5g6
8.g3 e6
9.Bc1b2 d5
10.d3 d4
11.Ng1f3 Qd8a5
12.c3 Qa5xb5
13.a4 Qb5d7
14.O-O dxc3
15.Nb1xc3 Ng8f6
16.f5 Ng6e7
17.Nc3b5 a6
18.Nf3e5 Qd7d8
19.fxe6 fxe6
20.Nb5a3 Ne7c8
21.Rf1xf6 Qd8xf6
22.Ra1f1 Qf6e7
23.Qe2h5 g6
24.Ne5xg6 hxg6
25.Qh5xh8 Kd7
26.Rf1xf8 Qe7g5
27.Rf8f7 Kc6
28.Na3c4 b5
29.Qh8e8 { resign }
1-0

[Event "Tourn. n10182"]
[Site "www.echecsemail.com"]
[Date "2019.10.25"]
[Round "1"]
[White "Odin"]
[Black "Bojan"]
[WhiteElo "1850"]
[BlackElo "2010"]
[Result "0-1"]
[Round "1"]
1.d4 d5
2.g3 c6
3.Bf1g2 h6
4.Ng1f3 Bc8f5
5.c3 Bf5e4
6.O-O Ng8f6
7.e3 Qd8d6
8.Nb1d2 Be4f5
9.Rf1e1 Nb8d7
10.Qd1b3 b6
11.c4 dxc4
12.Nd2xc4 Qd6e6
13.Qb3c3 Nf6e4
14.Qc3b4 Qe6f6
15.Nc4d2 e6
16.Qb4a4 Ne4xd2
17.Qa4xc6 Nd2xf3
18.Bg2xf3 Ra8d8
19.Bf3g2 Bf8b4
20.Re1e2 O-O
21.Bc1d2 Qf6e7
22.Bd2xb4 Qe7xb4
23.b3 Nd7f6
24.h3 Rd8c8
25.Qc6b7 a5
26.e4 Qb4xd4
27.Ra1e1 Rc8b8
28.Qb7a6 Bf5g6
29.e5 Nf6d5
30.Bg2e4 Nd5c3
31.Be4xg6 Nc3xe2
32.Qa6xe2 fxg6
33.a3 Rf8f7
34.Re1d1 Qd4c5
35.Rd1d2 Rb8f8
36.Rd2c2 Rf7xf2
37.Qe2xf2 Qc5xa3
38.Qf2e3 Qa3a1
39.Rc2c1 Qa1a3
40.Rc1e1 Qa3b4
41.g4 g5
42.Kg2 b5
43.Re1d1 a4
44.bxa4 bxa4
45.Rd1d6 a3
46.Rd6b6 Qb4a4
47.Qe3b3 Qa4e4
48.Kg3 Qe4xe5
49.Kg2 Qe5e2
50.Kg3 Qe2f2

0-1

[Event "Tourn. n10223"]
[Site "www.echecsemail.com"]
[Date "2019.10.25"]
[Round "1"]
[White "Coolant"]
[Black "D4minance"]
[WhiteElo "2360"]
[BlackElo "2850"]
[Result "0-1"]
[Round "1"]
1.b4 e5
2.Bc1b2 Bf8xb4
3.Bb2xe5 Ng8f6
4.Ng1f3 O-O
5.e3 Rf8e8
6.c3 Bb4f8
7.Qd1a4 c6
8.d4 d5
9.Bf1d3 Nb8d7
10.O-O Nd7xe5
11.Nf3xe5 c5
12.Nb1d2 Bf8d6
13.f4 a6
14.Ra1b1 c4
15.Bd3e2 b5
16.Qa4c2 g6
17.Rb1a1 Bc8f5
18.Qc2c1 h5
19.Be2d1 Nf6g4
20.Nd2f3 Kg7
21.h3 Ng4h6
22.a4 f6
23.Ne5c6 Qd8c7
24.axb5 axb5
25.Ra1xa8 Re8xa8
26.Nc6b4 Bd6xb4
27.cxb4 Qc7e7
28.Qc1d2 Ra8a3
29.Rf1e1 c3
30.Qd2c1 Qe7xb4
31.Bd1c2 Ra3a2
{ resign }
0-1

[Event "Tourn. n10232"]
[Site "www.echecsemail.com"]
[Date "2019.10.25"]
[Round "1"]
[White "D4minance"]
[Black "Galiany17"]
[WhiteElo "2870"]
[BlackElo "2600"]
[Result "1-0"]
[Round "1"]
1.d4 Ng8f6
2.c4 e6
3.Nb1c3 Bf8b4
4.g3 O-O
5.Bf1g2 d5
6.Ng1f3 dxc4
7.O-O Nb8c6
8.Qd1a4 Nf6d5
9.Qa4c2 Bb4e7
10.Rf1d1 Ra8b8
11.e4 Nd5b4
12.Qc2e2 Nb4d3
13.Bc1e3 a6
14.b3 b5
15.Ra1b1 Rb8b7
16.d5 exd5
17.exd5 Nc6e5
18.bxc4 bxc4
19.Rb1xb7 Ne5xf3
20.Bg2xf3 Bc8xb7
21.d6 Be7f6
22.Bf3xb7 Bf6xc3
23.Bb7xa6 cxd6
24.Ba6xc4 Nd3e5
25.Bc4d5 Qd8a5
26.Bd5b3 Bc3b4
27.Kg2 Qa5c7
28.Rd1d5 Ne5d7
29.Be3d4 Qc7b7
30.f3 Qb7c8
31.Rd5g5 g6
32.Qe2e4 d5
33.Bb3xd5 Qc8a6
34.Bd5b3 Rf8b8
35.Rg5g4 Kf8
36.Rg4f4 f5
37.Qe4d5 Ke7
38.Bd4f2 Qa6f6
39.Rf4h4 h5
40.Rh4d4 Nd7b6
41.Qd5b5 Bb4d6
42.Rd4d1 Nb6d7
43.Qb5d5 Nd7b6
44.Rd1e1 { resign }
1-0

[Event "Tourn. n10193"]
[Site "www.echecsemail.com"]
[Date "2019.10.25"]
[Round "1"]
[White "Amaya"]
[Black "Bojan"]
[WhiteElo "2030"]
[BlackElo "2020"]
[Result "0-1"]
[Round "1"]
1.d4 d5
2.e3 a6
3.Bf1d3 Nb8c6
4.c3 e5
5.f3 Ng8f6
6.Nb1d2 Bc8e6
7.a3 e4
8.fxe4 Be6g4
9.Ng1f3 dxe4
10.Nd2xe4 Bf8e7
11.O-O h6
12.Qd1e1 Qd8d5
13.Ne4xf6 Be7xf6
14.Qe1g3 Qd5d7
15.Nf3h4 Bg4e6
16.Nh4f5 g6
17.Nf5h4 Qd7e7
18.Nh4f3 Be6b3
19.e4 Nc6a5
20.e5 Bf6g7
21.Bc1f4 O-O-O
22.Nf3d2 Bb3a4
23.Qg3f3 Na5b3
24.Nd2xb3 Ba4xb3
25.Bd3xa6 bxa6
26.Qf3a8 Kd7
27.Qa8xa6 Bb3e6
28.Qa6b5 c6
29.Qb5b7 Ke8
30.Qb7xc6 Be6d7
31.Qc6b6 Bd7e6
32.g3 Kf8
33.h4 Kg8
34.a4 Kh7
35.Qb6b5 Be6g4
36.Rf1f2 Rd8b8
37.Qb5f1 Qe7e6
38.Bf4d2 Rh8f8
39.b4 Bg4h3
40.Qf1e2 Rf8c8
41.Qe2f3 Bh3f5
42.Ra1f1 Rc8f8
43.Bd2f4 Rb8d8
44.Rf2g2 Bf5h3
45.Rf1f2 Bh3xg2
46.Qf3xg2 Rd8c8
47.Bf4d2 f6
48.exf6 Bg7xf6
49.Rf2e2 Qe6c4
50.Re2e4 Rc8e8
51.Kh2 Re8e7
52.Re4xe7 Bf6xe7
{ resign }
0-1

[Event "Tourn. n10181"]
[Site "www.echecsemail.com"]
[Date "2019.10.25"]
[Round "1"]
[White "Hansen"]
[Black "Ditto"]
[WhiteElo "1720"]
[BlackElo "1870"]
[Result "0-1"]
[Round "1"]
1.e4 e5
2.Ng1h3 Bf8c5
3.Bf1c4 d6
4.g4 Qd8h4
5.Qd1f3 Nb8c6
6.Qf3xf7 Kd8
7.Qf7xg7 Qh4f6
8.Qg7f7 Qf6xf7
9.Bc4xf7 Ng8f6
10.d3 Bc8xg4
11.Nh3g1 Rh8f8
12.Bf7d5 Nf6xd5
13.exd5 Nc6e7
14.Bc1e3 Bc5xe3
15.fxe3 Ne7xd5
16.h3 Bg4e6
17.Ng1e2 Nd5b4
18.Nb1a3 Kd7
19.Rh1g1 Be6xh3
20.Ne2g3 Ke6
21.Ng3e4 Rf8g8
22.Rg1h1 Bh3f5
23.Ne4c3 Rg8g3
24.Rh1h6 Kd7
25.Kf2 Rg3g5
26.e4 Bf5g6
27.Nc3d5 Nb4xd5
28.exd5 Ra8f8
29.Ke3 a6
30.b4 Rg5g3
31.Kd2 Rf8f2
32.Kc3 e4
33.Na3c4 e3
34.Ra1e1 e2
35.Nc4d2 b5
36.Nd2b3 Rg3f3
37.Nb3a5 Rf3e3
38.Na5c6 Rf2f1
39.Re1xe2 Re3xe2
40.Nc6d4 Re2e5
41.Rh6h2 Re5h5
42.Rh2e2 Bg6f7
43.Re2e4 Bf7g6
44.Re4e6 Rh5xd5
45.Re6e3 Rf1f4
46.Nd4e2 Rf4f7
47.a3 Rd5e5
48.Re3xe5 dxe5
49.d4 Rf7f3
50.Kb2 Rf3f2
51.Ne2c3 Rf2xc2
52.Kb3 Rc2h2
53.dxe5 Bg6c2
54.Kb2 Bc2f5
55.Kc1 Rh2c2
{ resign }
0-1

[Event "Match"]
[Site "www.echecsemail.com"]
[Date "2019.10.25"]
[Round "1"]
[White "Estonia"]
[Black "Apdash"]
[WhiteElo "1870"]
[BlackElo "2210"]
[Result "0-1"]
[Round "1"]
1.c4 e5
2.Nb1c3 Ng8f6
3.Ng1f3 Nb8c6
4.g3 Bf8b4
5.Bf1g2 d6
6.O-O O-O
7.d4 exd4
8.Nf3xd4 Nc6xd4
9.Qd1xd4 Bb4c5
10.Qd4d1 c6
11.Bc1g5 h6
12.Bg5xf6 Qd8xf6
13.a3 Bc8e6
14.b4 Qf6xc3
15.bxc5 dxc5
16.Qd1d3 Qc3xc4
17.Rf1c1 Qc4d4
18.Qd3c3 Qd4xc3
19.Rc1xc3 c4
20.a4 Ra8b8
21.a5 f5
22.e3 Be6d5
23.Bg2f1 b5
24.Ra1b1 b4
25.Rc3c1 c3
26.Bf1g2 Bd5xg2
27.Kxg2 Rf8d8
28.Kf3 g5
29.h3 Kf7
30.Rc1c2 c5
31.g4 fxg4
32.hxg4 c4
33.Kg3 Rd8d3
34.Kf3 b3
{ resign }
0-1

[Event "Match"]
[Site "www.echecsemail.com"]
[Date "2019.10.25"]
[Round "1"]
[White "Aiko1603"]
[Black "Apdash"]
[WhiteElo "2080"]
[BlackElo "2180"]
[Result "1/2-1/2"]
[Round "1"]
1.c4 Ng8f6
2.Nb1c3 e6
3.g3 d5
4.cxd5 Nf6xd5
5.Bf1g2 Bf8e7
6.Ng1f3 c6
7.d4 O-O
8.O-O Nb8d7
9.e4 Nd5b6
10.e5 Nb6d5
11.a3 Nd7b6
12.Qd1d3 Qd8c7
13.Nc3e4 f5
14.Ne4c5 Be7xc5
15.dxc5 Nb6d7
16.b4 Nd7xe5
17.Nf3xe5 Qc7xe5
18.Bc1g5 b6
19.Rf1e1 Qe5c7
20.Ra1c1 a5
21.cxb6 Qc7xb6
22.bxa5 Ra8xa5
23.Bg5d2 Ra5b5
24.a4 Rb5b3
25.Qd3c4 Bc8d7
26.a5 Qb6b5
27.Qc4xb5 cxb5
28.Rc1b1 Rb3d3
29.Bd2e3 e5
30.Bg2xd5 Rd3xd5
31.Be3b6 f4
32.Re1d1 Rd5xd1
33.Rb1xd1 Bd7e6
34.Rd1d6 Be6c4
35.a6 Bc4e2
36.a7 Be2f3
37.Kf1 Rf8c8
38.Rd6d8 Rc8xd8
39.Bb6xd8 fxg3
40.hxg3 Kf7
41.Ke1 Ke6
42.Kd2 Bf3b7
43.Kc3 Kd5
44.Kb4 Kc6
45.Bd8g5 h6
46.Bg5e3 e4
47.Kc3 Kd5
48.Kb4 Bb7c6
49.Kc3 { draw }
1/2-1/2

[Event "Match"]
[Site "www.echecsemail.com"]
[Date "2019.10.25"]
[Round "1"]
[White "Llord"]
[Black "Apdash"]
[WhiteElo "1950"]
[BlackElo "2180"]
[Result "0-1"]
[Round "1"]
1.e4 c5
2.Bf1c4 e6
3.d4 cxd4
4.Qd1xd4 Nb8c6
5.Qd4d1 Bf8c5
6.Ng1f3 Ng8f6
7.Nb1c3 a6
8.a4 O-O
9.e5 Nf6g4
10.Bc1f4 Ng4xf2
11.Qd1e2 Nf2xh1
12.O-O-O Nh1f2
13.Rd1d2 Qd8b6
14.Nc3b1 f6
15.exf6 Rf8xf6
16.Bf4g5 Rf6g6
17.h4 h6
18.Bg5f4 Rg6xg2
19.Qe2f1 Rg2g4
20.Bf4xh6 gxh6
 { time }
0-1

[Event "Match"]
[Site "www.echecsemail.com"]
[Date "2019.10.26"]
[Round "1"]
[White "Geodad5"]
[Black "Apdash"]
[WhiteElo "2150"]
[BlackElo "2230"]
[Result "0-1"]
[Round "1"]
1.e4 c5
2.Ng1f3 d6
3.d4 cxd4
4.Nf3xd4 Ng8f6
5.Nb1c3 a6
6.Bf1d3 e6
7.Bc1e3 Bf8e7
8.O-O O-O
9.h3 Nb8c6
10.Nd4xc6 bxc6
11.Qd1e2 Bc8b7
12.Ra1d1 e5
13.Be3g5 h6
14.Bg5xf6 Be7xf6
15.a3 d5
16.Qe2f3 d4
17.Nc3e2 c5
18.Ne2g3 g6
19.Qf3e2 Bf6h4
20.Bd3c4 Qd8g5
21.Qe2f3 Kg7
22.Qf3b3 Ra8b8
23.Qb3d3 a5
24.b3 Qg5f4
25.Rd1e1 h5
26.a4 Rf8e8
27.Ng3xh5 gxh5
28.g3 Qf4g5
29.Kh2 f5
30.f4 exf4
31.gxh4 Qg5xh4
32.e5 Bb7e4
33.Rf1g1 Kh6
34.Re1f1 Be4xd3
35.cxd3 Re8xe5
36.Rg1g2 Re5e3
{ resign }
0-1

[Event "Tourn. n10221"]
[Site "www.echecsemail.com"]
[Date "2019.10.26"]
[Round "1"]
[White "Fabos12"]
[Black "Rcdamaceanu"]
[WhiteElo "1650"]
[BlackElo "1749"]
[Result "0-1"]
[Round "1"]
1.d4 d5
2.Ng1f3 Ng8f6
3.g3 c5
4.Bf1g2 cxd4
5.Qd1xd4 Nb8c6
6.Qd4a4 Bc8d7
7.O-O e5
8.Bc1g5 Nc6d4
9.Bg5xf6 gxf6
10.Qa4xd4 exd4
11.Nf3xd4 Bf8d6
12.Bg2xd5 O-O
13.Nb1c3 { time. }
0-1

[Event "Tourn. n10223"]
[Site "www.echecsemail.com"]
[Date "2019.10.26"]
[Round "1"]
[White "Galiany17"]
[Black "D4minance"]
[WhiteElo "2500"]
[BlackElo "2860"]
[Result "0-1"]
[Round "1"]
1.d4 d5
2.c4 e6
3.Nb1c3 Bf8b4
4.e3 c5
5.Ng1f3 Ng8f6
6.Bf1d3 O-O
7.O-O dxc4
8.Bd3xc4 cxd4
9.exd4 b6
10.a3 Bb4xc3
11.bxc3 Qd8c7
12.Bc4e2 Nf6d5
13.Bc1b2 Nd5xc3
14.Bb2xc3 Qc7xc3
15.Ra1c1 Qc3a5
16.Nf3e5 Nb8d7
17.Ne5c4 Qa5g5
18.Be2f3 Ra8b8
19.Rf1e1 Bc8b7
20.Bf3xb7 Rb8xb7
21.Nc4d6 Rb7b8
22.Nd6e4 Qg5a5
23.Rc1c7 Rf8d8
24.Qd1d2 Qa5xa3
25.d5 Qa3b3
26.dxe6 Qb3xe6
27.Rc7xa7 Nd7e5
28.Qd2e3 Ne5c6
29.Ra7c7 b5
30.Ne4g5 Qe6xe3
31.fxe3 Nc6e5
32.Re1b1 h6
33.Ng5f3 Ne5xf3
34.gxf3 Rd8d2
35.f4 b4
36.Rb1b3 Rb8b6
37.f5 Rb6a6
38.Rc7c1 Ra6a2
39.Rb3xb4 Rd2g2
40.Kh1 Rg2xh2
41.Kg1 Rh2g2
42.Kh1 Rg2e2
43.e4 h5
44.Kg1 Kh7
45.Kf1 Re2f2
46.Kg1 Rf2g2
47.Kh1 Rg2e2
48.Kg1 Kh6
49.Rb4b8 h4
50.Rb8h8 Kg5
51.Rh8h7 g6
52.fxg6 fxg6
53.e5 Re2g2
{ resign }
0-1

[Event "Match"]
[Site "www.echecsemail.com"]
[Date "2019.10.26"]
[Round "1"]
[White "Sorim"]
[Black "Picifarkinca"]
[WhiteElo "2270"]
[BlackElo "1580"]
[Result "1-0"]
[Round "1"]
1.Ng1f3 e6
2.d4 Ng8f6
3.Bc1g5 Bf8e7
4.Nb1d2 d5
5.e3 O-O
6.Bf1d3 h6
7.Bg5h4 Nb8d7
8.c4 c6
9.O-O b6
10.a3 Bc8b7
11.Qd1c2 c5
12.Ra1b1 a5
13.Rf1c1 Ra8c8
14.Qc2a4 Bb7c6
15.Qa4b3 Nf6e4
16.Bh4xe7 Ne4xd2
17.Bd3h7 Kh8
18.Nf3xd2 Qd8xe7
19.Bh7c2 Nd7f6
20.Qb3xb6 Nf6d7
21.Qb6xa5 cxd4
22.exd4 Rc8a8
23.Qa5c3 e5
24.cxd5 Bc6xd5
25.dxe5 Nd7xe5
26.Rc1e1 Qe7g5
27.Nd2e4 { resign }
1-0

[Event "Tourn. n10170"]
[Site "www.echecsemail.com"]
[Date "2019.10.26"]
[Round "1"]
[White "Jerome"]
[Black "Numanoid"]
[WhiteElo "2420"]
[BlackElo "2760"]
[Result "1/2-1/2"]
[Round "1"]
1.e4 e6
2.d4 d5
3.Nb1c3 Ng8f6
4.Bc1g5 Bf8b4
5.e5 h6
6.Bg5d2 Bb4xc3
7.bxc3 Nf6e4
8.Qd1g4 Kf8
9.Bf1d3 Ne4xd2
10.Kxd2 c5
11.h4 c4
12.Bd3f1 b5
13.Ng1e2 Nb8c6
14.Rh1h3 a5
15.a3 Bc8d7
16.Rh3f3 Kg8
17.Ne2f4 Nc6e7
18.Nf4h5 Ne7g6
19.Nh5xg7 Kxg7
20.h5 Qd8g5
21.Qg4xg5 hxg5
22.hxg6 Kxg6
23.Bf1e2 Rh8h4
24.Rf3f6 Kg7
25.Rf6f3 Ra8h8
26.Ra1f1 Rh8h6
{ draw }
1/2-1/2

[Event "Tourn. n10240"]
[Site "www.echecsemail.com"]
[Date "2019.10.26"]
[Round "1"]
[White "Apdash"]
[Black "Fantomas"]
[WhiteElo "2150"]
[BlackElo "2230"]
[Result "1/2-1/2"]
[Round "1"]
1.e4 c6
2.d4 d5
3.exd5 cxd5
4.Bc1f4 Nb8c6
5.Nb1c3 e6
6.Ng1f3 h6
7.Nc3b5 Bf8b4
8.c3 Bb4a5
9.Nb5d6 Ke7
10.Nf3e5 Nc6xe5
11.dxe5 Qd8c7
12.Bf4d2 Bc8d7
13.Bf1d3 Ba5b6
14.Qd1h5 Ra8f8
15.O-O-O Bd7e8
16.f4 f5
17.Nd6xe8 Rf8xe8
18.Bd3xf5 exf5
19.Qh5xf5 Re8f8
20.Qf5h3 Rf8f7
21.f5 Kf8
22.e6 Rf7e7
23.Bd2g5 Ng8f6
24.Bg5xf6 gxf6
25.Rd1xd5 Qc7f4
26.Kc2 Qf4e4
27.Rd5d3 Rh8h7
28.Rh1d1 h5
29.Kc1 Qe4g4
30.Qh3xg4 hxg4
31.h3 gxh3
32.gxh3 Rh7h5
33.Rd1f1 Re7g7
34.Kc2 Bb6c7
35.b4 b5
36.Kb3 Ke8
37.a4 bxa4
38.Kxa4 a6
39.Rf1f3 Bc7b6
40.Rd3d6 Rg7b7
41.c4 Rh5h4
42.Rd6c6 Rh4d4
43.Rf3g3 Kf8
44.c5 Bb6d8
45.Rc6xa6 Rb7xb4
46.Ka3 Rb4c4
47.c6 Rd4d6
48.Ra6a7 Bd8e7
49.c7 Rd6a6
50.Kb3 Ra6xa7
51.Kxc4 Ra7xc7
52.Kd4 Be7d6
53.Rg3b3 Bd6e5
54.Kd5 Rc7c3
55.Rb3xc3 Be5xc3
56.Kd6 Ke8
57.h4 Bc3b4
58.Kc6 Kd8
59.h5 Bb4f8
60.Kb7 Bf8h6
61.Kc6 Ke7
62.Kd5 Kd8
63.Kc6 Bh6f8
64.Kb7 Bf8h6
65.Kc6 Bh6f4
66.Kb7 Bf4h6
{ draw }
1/2-1/2

[Event "Match"]
[Site "www.echecsemail.com"]
[Date "2019.10.26"]
[Round "1"]
[White "Picifarkinca"]
[Black "Zsigazsuga"]
[WhiteElo "1720"]
[BlackElo "1499"]
[Result "1-0"]
[Round "1"]
1.f4 f5
2.e4 fxe4
3.d3 exd3
4.Bf1xd3 Ng8f6
5.Ng1f3 d6
6.O-O Bc8g4
7.Qd1e1 Nb8d7
8.b4 Kf7
9.Nf3g5 Kg8
10.Bd3c4 e6
11.Bc4xe6 Bg4xe6
12.Qe1xe6 
1-0

[Event "Tourn. n10188"]
[Site "www.echecsemail.com"]
[Date "2019.10.27"]
[Round "1"]
[White "Jerome"]
[Black "Conde7"]
[WhiteElo "2450"]
[BlackElo "2880"]
[Result "1/2-1/2"]
[Round "1"]
1.e4 e5
2.Ng1f3 Nb8c6
3.Bf1b5 a6
4.Bb5a4 Ng8f6
5.O-O Nf6xe4
6.d4 b5
7.Ba4b3 d5
8.dxe5 Bc8e6
9.c3 Bf8c5
10.Qd1d3 O-O
11.Bc1e3 Bc5e7
12.Nb1d2 Nc6a5
13.Nf3d4 Ne4c5
14.Qd3e2 Nc5xb3
15.Nd2xb3 Na5xb3
16.axb3 c5
17.Nd4c6 Qd8c7
18.Nc6xe7 Qc7xe7
19.f4 Be6f5
20.Rf1d1 Rf8d8
21.h3 Bf5e4
22.c4 bxc4
23.bxc4 dxc4
24.Qe2xc4 Qe7b7
25.Qc4e2 c4
26.Be3d4 a5
27.Qe2f2 Be4f5
28.Kh2 a4
29.Ra1c1 Qb7c6
30.Rc1c3 h6
31.Rd1c1 Ra8c8
32.Rc3g3 Kh7
33.Rc1e1 g6
34.e6 Bf5xe6
35.Bd4c3 Rd8d5
36.Re1e4 Qc6d6
37.Qf2a7 Qd6d7
38.Qa7e3 Rd5d3
39.Qe3e1 Rc8d8
40.Rg3e3 Rd3xe3
41.Qe1xe3 Qd7d3
42.Re4xe6 fxe6
43.Qe3xe6 Qd3d7
44.Qe6xc4 Rd8f8
45.Bc3e5 { draw }
1/2-1/2

[Event "Match"]
[Site "www.echecsemail.com"]
[Date "2019.10.27"]
[Round "1"]
[White "Seger"]
[Black "Bahadirozen"]
[WhiteElo "2820"]
[BlackElo "1809"]
[Result "1-0"]
[Round "1"]
1.e4 e5
2.Ng1f3 Nb8c6
3.Bf1b5 Ng8f6
4.d3 Bf8c5
5.Bb5xc6 dxc6
6.O-O Nf6d7
7.c3 O-O
8.d4  { time }
1-0